| 000 | 00893nam0a2200289 4500 | ||
|---|---|---|---|
| 001 | RU\NLR\bibl\148845 | ||
| 005 | 20250618050705.0 | ||
| 021 |
_aRU _b2000-12044п _9447 |
||
| 035 | _a(NLR Aleph) 000145881 | ||
| 090 |
_a836130 _c836130 |
||
| 100 | _a20010413d2000 |||y0rusy50 ca | ||
| 101 | 0 | _arus | |
| 102 | _aRU | ||
| 105 | _ay ||||||||| | ||
| 200 | 1 |
_aАзия на подъеме ? _e[Сб. ст.] |
|
| 210 |
_aМ. _cБ.и. _d2000 |
||
| 215 |
_a59 с. _d29 |
||
| 225 | 1 |
_aInternationale politik _vN 1 |
|
| 320 | _aБиблиогр. в примеч. в конце ст. | ||
| 607 |
_aАзиатские страны _jСборники _xИстория _z1990-ые гг. _92154027 _3RU\NLR\auth\661296905 |
||
| 686 | _aТ3(5)63я43 | ||
| 801 | 0 |
_aRU _bNLR _c20010413 _gPSBO |
|
| 801 | 1 |
_aRU _bNLR _c20010413 |
|
| 852 |
_aNLR _jП23/4677 |
||
| 942 | _cBOOK | ||
| 980 | _aNB | ||